000 00695nam a2200253Ia 4500
003 OSt
005 20220928124314.0
006 a|||||r|||| 00| 0
007 ta
008 220927b |||||||| |||| 00| 0 eng d
024 _a77428
037 _cTextual
040 _aSDCL
_cSDCL
_beng
041 _2eng
_aeng
082 _aD6,8(B),22, P4
100 _aRicardo Catharine M
_9464272
245 0 _aDatabases illuminated.
260 _aNew Delhi
_bNarosa
_c2004
300 _axv,874p
_ccm.
650 _aDatabase-Computer
_9420551
700 _a College Iona
_9464273
942 _hD6,8(B),22, P4
_cTEXL
_2CC
999 _c777172
_d777172